000 00709nam a2200253Ia 4500
003 OSt
005 20220918163804.0
006 a|||||r|||| 00| 0
007 ta
008 220917b |||||||| |||| 00| 0 eng d
020 _a0300021232
024 _a32,231
037 _cTextual
040 _aARTS
_cARTS
_beng
041 _2eng
_aeng
082 _aO111,3L13:g(R3), L7
100 _aS James E
_915400
245 0 _aReflexivity in Tristram shandy
_b An essay in phenomenological criticism
260 _aNew Haven
_bYUP
_c1977
300 _axiii, 271p.
_ccm.
650 _aENGLISH LITERATURE
942 _hO111,3L13:g(R3), L7
_cTEXL
_2CC
999 _c121559
_d121559